000 00819nam a2200217 a 4500
003 0
005 20250429132806.0
008 970114s19uu xx 00 eng d
050 _aPGS PN 1992.8.C46
_b.B171 2003
100 _aBalatbat, Rose Anne M.
245 _aViewing habits and effects of television shows to grade 6 students /
_cRose Anne M. Balatbat.
260 _aLas PiƱas City, Philippines :
_bSouthville International School and Colleges,
_c2003.
300 _a25 pages :
_billustrations ;
_c28 cm.
504 _aIncludes bibliographical references.
650 _aTelevision and children.
650 _aTelevision
_vInfluence on academic achievement.
650 _aStudents
_vStudy habits.
650 _aTelevision programs
_vPsychological aspects.
650 _aChildren
_vBehavior.
942 _2lcc
_cPASS
999 _c96833
_d96833